00231nam a2200097Ia 4500003000400000008004100004100002000045245003100065260002900096300000800125OSt201106b ||||| |||| 00| 0 eng d aWAYNE MONDY, R. aHuman Resource Management  aN. DelhibPearsonc 2011 a436